Guidelines for the personal use of the RICS logo and designations by RICS qualified professionals (Record no. 121464)
[ view plain ]
| 000 -LEADER | |
|---|---|
| fixed length control field | 01086nam a22001937a 4500 |
| 008 - FIXED-LENGTH DATA ELEMENTS--GENERAL INFORMATION | |
| fixed length control field | 230412s2022 xxk|||||o|||| 00| 0 eng d |
| 041 ## - LANGUAGE CODE | |
| Language code of text/sound track or separate title | eng |
| 110 ## - MAIN ENTRY--CORPORATE NAME | |
| Corporate author | Royal Institution of Chartered Surveyors |
| 245 ## - TITLE STATEMENT | |
| Title | Guidelines for the personal use of the RICS logo and designations by RICS qualified professionals |
| Medium | [Electronic resource] |
| 260 ## - PUBLICATION INFORMATION | |
| Place of publication | London, |
| Publisher | Royal Institution of Chartered Surveyors, |
| Date | February 2022 |
| 300 ## - PHYSICAL DESCRIPTION | |
| Physical description | 6p. |
| 490 ## - SERIES TITLE | |
| Series statement | RICS Regulation |
| 500 ## - GENERAL NOTE | |
| General note | With effect from 2 February 2022. These guidelines set out the range of branding options available, with detailed information regarding correct usage. These guidelines, approved by the Standards and Regulation Board, should be read in conjunction with the Rules for the use of the <br/>RICS logo and designation by Firms |
| 651 ## - SUBJECT ADDED ENTRY--GEOGRAPHIC NAME | |
| Geographic name | International |
| 690 ## - BROAD SUBJECT | |
| 9 (RLIN) | 6277 |
| Broad subject | RICS |
| 710 ## - ADDED CORPORATE NAME | |
| Added corporate author | Royal Institution of Chartered Surveyors |
| 856 ## - ONLINE RESOURCE | |
| Uniform Resource Identifier | <a href="https://www.rics.org/content/dam/ricsglobal/documents/standards/guidelines-for-personal-use-of-rics-logo_feb20222.pdf">https://www.rics.org/content/dam/ricsglobal/documents/standards/guidelines-for-personal-use-of-rics-logo_feb20222.pdf</a> |
| Public note | Available free on RICS.org |
| 942 ## - ADDED ENTRY ELEMENTS (KOHA) | |
| Suppress in OPAC | Do not suppress in OPAC |
| Lost status | Damaged status | Not for loan | Current library | Shelving location | Date acquired | Total Checkouts | Full call number | Date last seen | Price effective from | Koha item type |
|---|---|---|---|---|---|---|---|---|---|---|
| Virtual | Online | 12/04/2023 | ONLINE PUBLICATION | 12/04/2023 | 12/04/2023 | Online material |